00297nam a2200121Ia 4500008004100000040001600041041001200057082001800069100002000087245002000107260002900127300001900156230917s9999||||xx |||||||||||||| ||und|| e30390aMAIN aEnglish a301.0973 G57G aGoffman, Erving 0aGoiffman reader aOxfordbBlack wellc1997 alxxxii, 285 p.